000
00351nam a2200157Ia 4500
003
OSt
005
20240217142542.0
008
170524s9999 xx 000 0 und d
020
_a
978-1558706187
040
_c
IIMT
100
_a
Ryde-rao
245
0
_a
Childrens's rooms in a weekend
260
_b
Merehurst ltd.
260
_c
1998
942
_2
ddc
_c
02
999
_c
7303
_d
7303